Compendio chronologico (Record no. 127879)

MARC details
000 -LEADER
campo de control de longitud fija 00645nam a2200169 4500
001 - NÚMERO DE CONTROL
campo de control 127879
003 - IDENTIFICADOR DE NÚMERO DE CONTROL
campo de control ES-MaACL
005 - FECHA Y HORA DE LA ÚLTIMA TRANSACCIÓN
campo de control 20230906193116.0
007 - CAMPO FIJO DE DESCRIPCIÓN FÍSICA--INFORMACIÓN GENERAL
campo de control de longitud fija t|
008 - DATOS DE LONGITUD FIJA--INFORMACIÓN GENERAL
campo de control de longitud fija 070214s1937 bl r ||||1| por d
100 1# - ENTRADA PRINCIPAL--NOMBRE DE PERSONA
Nombre de persona Rivera de la Granda, Joseph.
9 (RLIN) 97640
245 10 - MENCIÓN DEL TÍTULO
Título Compendio chronologico
Resto del título : no qual se trata da origem, antiguidade e nobreza da casa e linhagen do apellido de Moya /
Mención de responsabilidad, etc. pelo bacharel dom Joseph Rivera de la Granda ; traducçâo do Salvador de Moya.
260 ## - PUBLICACIÓN, DISTRIBUCIÓN, ETC.
Lugar de publicación, distribución, etc. Sâo Paulo :
Nombre del editor, distribuidor, etc. [s. n.],
Fecha de publicación, distribución, etc. 1937 (
Fabricante Typ. Cruzeiro do Sul)
300 ## - DESCRIPCIÓN FÍSICA
Extensión 38 p. ;
Dimensiones 24 cm.
700 1# - ENTRADA AGREGADA--NOMBRE PERSONAL
Nombre de persona Moya, Salvador de.
9 (RLIN) 83962
852 ## - LOCALIZACIÓN
Ubicación ES-MaACL
Número de control de estantería 1818-F-29
Holdings
Estatus retirado Estado de pérdida Estado de daño No para préstamo Colección Biblioteca de origen Biblioteca actual Ubicación en estantería Fecha de adquisición Fuente de adquisición Total de préstamos Signatura topográfica completa Código de barras Visto por última vez Precio de reemplazo Tipo de ítem Koha
        Colección de folletos Biblioteca del Ateneo de Madrid Biblioteca del Ateneo de Madrid Depósito folletos 17/01/2008     1818-F-29 1133191 23/02/2023 23/02/2023 Folleto